01125nab a22002057a 4500999001500000003000400015005001700019008004100036040000700077100003400084245008400118300001300202500003600215505022700251505021000478650002800688650003500716773015500751942001300906 c6053d6053OSt20260120233039.0190514b xxu||||| |||| 00| 0 spa d cPJ 96694aRoldan, Cinthia Vanesa 13aLos peligros de ser una mujer proveedora de cuidados /cCinthia Vanesa Roldan.  ap. 86-95 aCita: TR LALEY AR/DOC/248/2024. aSumario: I. Introducción.— II. La plataforma fáctica.— III. Las sentencias dictadas.— IV. Algunas reflexiones sobre el caso.— V. ¿Resulta aplicable al caso el art. 434 Cód. Civ. y Com.?— VI. Breve cierre.  tFallos comentados: *JFamilia Nro. 1 Esquel ~ 07/02/2023 ~ N., A. D. c. B., T. I. s/ incidente de cese de asistencia alimentaria en Autos. *CApel. Esquel ~ 11/09/2023 ~ N., A. D. s/ recurso de apelación.  09967aDERECHO DE FAMILIA 091057aJURISPRUDENCIA APLICABLE0 0284493222dBuenos Aires : AbeledoPerrot, 1989-tDerecho de familia. Revista Interdisciplinaria de doctrina y jurisprudencia. Abril 2024-II.z18511201 2udccANA